[Event "Muensterland Regionalliga Gr1 2223"]
[Site "Germany"]
[Date "2023.02.25"]
[Round "7.1"]
[White "Schulz, Stefan"]
[Black "Vos, Thomas"]
[Result "0-1"]
[WhiteElo "1840"]
[BlackElo "2022"]
[PlyCount "120"]
[EventDate "2022.09.03"]
[EventType "team-tourn"]
[EventRounds "7"]
[EventCountry "GER"]
[SourceTitle "EXT 2024"]
[Source "ChessBase"]
[SourceDate "2023.10.10"]
[SourceVersion "1"]
[SourceVersionDate "2023.10.10"]
[SourceQuality "1"]
[WhiteTeam "Muenster SK IV"]
[BlackTeam "Saerbeck"]
[WhiteTeamCountry "GER"]
[BlackTeamCountry "GER"]

1. d4 d5 2. Nf3 Nc6 3. c4 Bg4 4. Ne5 Nxe5 5. dxe5 d4 6. g3 Qd7 7. Bg2 c6 8. 0-0 h5 9. f3 Be6 10. b3 h4 11. Nd2 hxg3 12. hxg3 d3 13. e3 0-0-0 14. Ne4 Bh3 15. Qd2 Bxg2 16. Qxg2 e6 17. Bd2 f5 18. Ng5 Nh6 19. b4 Be7 20. Nh3 Nf7 21. f4 g5 22. b5 Rdg8 23. bxc6 Qxc6 24. Qxc6+ bxc6 25. Kg2 Rh6 26. Rh1 Rhg6 27. Rag1 gxf4 28. Nxf4 Rxg3+ 29. Kf2 Rxg1 30. Rxg1 Rxg1 31. Kxg1 Nxe5 32. Kf1 Nxc4 33. Ke1 Nxd2 34. Kxd2 e5 35. Nxd3 Bd6 36. Nb2 Kd7 37. Nc4 Ke6 38. Kd3 Kd5 39. Na5 e4+ 40. Kc3 Be5+ 41. Kc2 Bc7 42. Nb3 Bb6 43. Kd2 a5 44. Nc1 Bc7 45. Ne2 Be5 46. Kc2 Kc4 47. Nc1 a4 48. Ne2 c5 49. Nc1 Bf6 50. Ne2 Bg5 51. Ng3 Bxe3 52. Nxf5 Bd4 53. Nd6+ Kd5 54. Nb5 c4 55. Nc7+ Ke5 56. Nb5 Bb6 57. Nc3 a3 58. Nb5 Bc5 59. Kd2 Bb4+ 60. Ke2 c3 0-1

[Event "Muensterland Regionalliga Gr1 2223"]
[Site "Germany"]
[Date "2022.11.26"]
[Round "4.4"]
[White "Schulz, Stefan"]
[Black "Wehmeier, Sven"]
[Result "1/2-1/2"]
[WhiteElo "1840"]
[BlackElo "1807"]
[PlyCount "32"]
[EventDate "2022.09.03"]
[EventType "team-tourn"]
[EventRounds "7"]
[EventCountry "GER"]
[SourceTitle "EXT 2024"]
[Source "ChessBase"]
[SourceDate "2023.10.10"]
[SourceVersion "1"]
[SourceVersionDate "2023.10.10"]
[SourceQuality "1"]
[WhiteTeam "Muenster SK IV"]
[BlackTeam "Emsdetten Rochade"]
[WhiteTeamCountry "GER"]
[BlackTeamCountry "GER"]

1. d4 Nf6 2. Nf3 g6 3. g3 Bg7 4. Bg2 d5 5. 0-0 0-0 6. c3 c6 7. Re1 Ne4 8. Nbd2 f5 9. Qc2 Qd6 10. a4 Nd7 11. b3 Ndf6 12. Ne5 Nxd2 13. Bxd2 Ne4 14. f4 c5 15. e3 Be6 16. Rec1 Rfc8 1/2-1/2

[Event "Muensterland Regionalliga 1920"]
[Site "Germany"]
[Date "2020.02.01"]
[Round "6.5"]
[White "Schulz, Stefan"]
[Black "Reckzuegel, Philipp"]
[Result "1/2-1/2"]
[WhiteElo "1860"]
[BlackElo "1901"]
[PlyCount "61"]
[EventDate "2019.09.07"]
[EventType "team-tourn"]
[EventRounds "7"]
[EventCountry "GER"]
[SourceTitle "EXT 2023"]
[Source "ChessBase"]
[SourceDate "2022.10.05"]
[SourceVersion "1"]
[SourceVersionDate "2022.10.05"]
[SourceQuality "1"]
[WhiteTeam "Muenster SK IV"]
[BlackTeam "Gronau"]
[WhiteTeamCountry "GER"]
[BlackTeamCountry "GER"]

1. d4 Nf6 2. Nf3 e6 3. c4 d5 4. g3 c6 5. Qc2 Nbd7 6. Bg2 Bd6 7. 0-0 0-0 8. Nbd2 Re8 9. e4 dxe4 10. Nxe4 Nxe4 11. Qxe4 e5 12. dxe5 Nxe5 13. Qc2 Qf6 14. Qb3 Rb8 15. Ng5 Bc7 16. Ne4 Qg6 17. Bf4 Bf5 18. Nd2 Qh5 19. h4 h6 20. Nf3 Bg4 21. Nxe5 Bxe5 22. Bxe5 Qxe5 23. Qb4 c5 24. Qa5 Qxb2 25. Qxa7 Be2 26. Rfe1 Bxc4 27. Qxc5 Bxa2 28. Qa7 Bc4 29. Rab1 Rxe1+ 30. Rxe1 Rd8 31. Qxb7 1/2-1/2

[Event "Muensterland Regionalliga 1920"]
[Site "Germany"]
[Date "2019.11.30"]
[Round "4.7"]
[White "Schulz, Stefan"]
[Black "Wild, Helmut"]
[Result "0-1"]
[WhiteElo "1860"]
[BlackElo "1871"]
[PlyCount "92"]
[EventDate "2019.09.07"]
[EventType "team-tourn"]
[EventRounds "7"]
[EventCountry "GER"]
[SourceTitle "EXT 2023"]
[Source "ChessBase"]
[SourceDate "2022.10.05"]
[SourceVersion "1"]
[SourceVersionDate "2022.10.05"]
[SourceQuality "1"]
[WhiteTeam "Muenster SK IV"]
[BlackTeam "Steinfurt"]
[WhiteTeamCountry "GER"]
[BlackTeamCountry "GER"]

1. d4 d5 2. Nf3 c6 3. c4 dxc4 4. e3 b5 5. a4 e6 6. axb5 cxb5 7. b3 Bb4+ 8. Bd2 Bxd2+ 9. Qxd2 a5 10. bxc4 b4 11. Be2 Nf6 12. 0-0 0-0 13. Rd1 Bb7 14. Ne5 Nbd7 15. Nd3 Qc7 16. Nb2 Rfc8 17. f3 Bc6 18. e4 Rd8 19. d5 exd5 20. cxd5 Bb5 21. Bxb5 Qc5+ 22. Qd4 Qxb5 23. Na4 Rac8 24. Nd2 Rc2 25. Kf2 Rdc8 26. Ke3 Nc5 27. Nxc5 R8xc5 28. d6 R2c3+ 29. Kf2 Rd3 30. Qb2 Rxd6 31. Nb3 Rxd1 32. Rxd1 Rc8 33. Nd4 Qc5 34. Qb3 h6 35. Qa4 Rd8 36. Qa1 a4 37. Ke3 a3 38. Rc1 Qg5+ 39. Kf2 Qd2+ 40. Ne2 a2 41. Rc7 b3 42. Rb7 Qc2 43. Qe5 Qd1 44. Ra7 Qc2 45. Rb7 Rc8 46. Qe7 Qc5+ 0-1

[Event "Muensterland Regionalliga 1718"]
[Site "Germany"]
[Date "2018.06.02"]
[Round "9.8"]
[White "Kloenne, Tim"]
[Black "Schulz, Stefan"]
[Result "0-1"]
[WhiteElo "1842"]
[BlackElo "1885"]
[PlyCount "76"]
[EventDate "2017.09.02"]
[EventType "team-tourn"]
[EventRounds "9"]
[EventCountry "GER"]
[SourceTitle "EXT 2019"]
[Source "ChessBase"]
[SourceDate "2018.10.10"]
[SourceVersion "1"]
[SourceVersionDate "2018.10.10"]
[SourceQuality "1"]
[WhiteTeam "Gronau"]
[BlackTeam "Muenster SK II"]
[WhiteTeamCountry "GER"]
[BlackTeamCountry "GER"]

1. c4 Nf6 2. Nc3 d5 3. d4 c6 4. cxd5 cxd5 5. Nf3 a6 6. g3 Nc6 7. Bg2 Bf5 8. 0-0 e6 9. Bg5 Be7 10. Rc1 0-0 11. Na4 h6 12. Bf4 Bd6 13. Bxd6 Qxd6 14. a3 b5 15. Nc5 Rfc8 16. b4 Be4 17. e3 Rc7 18. Nxe4 Nxe4 19. Nd2 Nxd2 20. Qxd2 Rac8 21. Rc5 Nb8 22. Rfc1 Nd7 23. Rxc7 Rxc7 24. Bf1 Nb6 25. Bd3 Qd8 26. Rc5 Nd7 27. Rxc7 Qxc7 28. a4 bxa4 29. Bxa6 Qc6 30. Bd3 Nb6 31. b5 Qd6 32. Qa2 Qb4 33. Kf1 Nc4 34. Bxc4 dxc4 35. b6 c3 36. Qc2 a3 37. b7 Qxb7 38. Qxc3 Qb1+ 0-1

[Event "Muensterland Verbandsliga 1718"]
[Site "Germany"]
[Date "2018.02.10"]
[Round "6.1"]
[White "Schulz, Stefan"]
[Black "Boehlich, Daniel"]
[Result "0-1"]
[WhiteElo "1885"]
[BlackElo "2003"]
[PlyCount "51"]
[EventDate "2017.09.09"]
[EventType "team-tourn"]
[EventRounds "9"]
[EventCountry "GER"]
[SourceTitle "EXT 2019"]
[Source "ChessBase"]
[SourceDate "2018.10.10"]
[SourceVersion "1"]
[SourceVersionDate "2018.10.10"]
[SourceQuality "1"]
[WhiteTeam "Muenster SK IV"]
[BlackTeam "Emsdetten Rochade II"]
[WhiteTeamCountry "GER"]
[BlackTeamCountry "GER"]

1. d4 d5 2. c4 e6 3. Nf3 Nf6 4. g3 dxc4 5. Qa4+ Nbd7 6. Qxc4 a6 7. Bg2 b5 8. Qc2 Bb7 9. 0-0 c5 10. Bg5 Qb6 11. Bxf6 Nxf6 12. e3 Rc8 13. Qd1 cxd4 14. Nxd4 Bxg2 15. Kxg2 Bc5 16. Nb3 0-0 17. N1d2 Rfd8 18. Qf3 Nd7 19. Nxc5 Rxc5 20. Rac1 Ne5 21. Qe2 Qc6+ 22. Nf3 Rxc1 23. Rxc1 Qxc1 24. Nxe5 Qd2 25. Qh5 Qd5+ 26. Kh3 0-1

[Event "Muensterland Verbandsliga 1617"]
[Site "Germany"]
[Date "2016.11.05"]
[Round "3.1"]
[White "Wienen, Hermann"]
[Black "Schulz, Stefan"]
[Result "1/2-1/2"]
[WhiteElo "1937"]
[BlackElo "1917"]
[PlyCount "94"]
[EventDate "2016.09.10"]
[EventType "team"]
[EventRounds "9"]
[EventCountry "GER"]
[SourceTitle "EXT 2018"]
[Source "ChessBase"]
[SourceDate "2017.10.13"]
[SourceVersion "1"]
[SourceVersionDate "2017.10.13"]
[SourceQuality "1"]
[WhiteTeam "Heiden"]
[BlackTeam "Muenster SK IV"]
[WhiteTeamCountry "GER"]
[BlackTeamCountry "GER"]

1. e4 c6 2. Nf3 d5 3. exd5 cxd5 4. Bb5+ Nc6 5. 0-0 Bg4 6. c3 Qc7 7. d4 Nf6 8. Nbd2 e6 9. Re1 Bd6 10. h3 Bh5 11. Be2 Bxf3 12. Nxf3 0-0 13. Bd3 h6 14. Qe2 Rae8 15. Ne5 Ne7 16. Qf3 Ne4 17. Bxe4 dxe4 18. Qxe4 Bxe5 19. dxe5 Rd8 20. Be3 Rd7 21. Rad1 b6 22. Bd4 Rfd8 23. Rd3 Nf5 24. Red1 Qc4 25. b3 Qc7 26. g4 Nxd4 27. Rxd4 Rxd4 28. Rxd4 Rxd4 29. Qxd4 Qc6 30. Qd8+ Kh7 31. Qd3+ g6 32. c4 Kg7 33. Qe3 Qd7 34. c5 Qd1+ 35. Kh2 Qd5 36. cxb6 axb6 37. a4 Qa5 38. Qd4 Qe1 39. b4 Qe2 40. Kg2 Qa6 41. Kg3 Qxa4 42. Qxb6 Qb3+ 43. Kh2 Qf3 44. Qd4 Qe2 45. Qe3 Qc4 46. Qc5 Qf4+ 47. Kg2 Qe4+ 1/2-1/2

[Event "Muensterland Verbandsliga 1516"]
[Site "Germany"]
[Date "2016.01.16"]
[Round "5.1"]
[White "Schulz, Stefan"]
[Black "Hofene, Dieter"]
[Result "1/2-1/2"]
[WhiteElo "1937"]
[BlackElo "1963"]
[PlyCount "177"]
[EventDate "2015.09.12"]
[EventType "team"]
[EventRounds "9"]
[EventCountry "GER"]
[SourceTitle "EXT 2017"]
[Source "ChessBase"]
[SourceDate "2016.10.25"]
[SourceVersion "1"]
[SourceVersionDate "2016.10.25"]
[SourceQuality "1"]
[WhiteTeam "Muenster SK IV"]
[BlackTeam "Beelen"]
[WhiteTeamCountry "GER"]
[BlackTeamCountry "GER"]

1. d4 e6 2. Nf3 Nf6 3. g3 Bb4+ 4. c3 Be7 5. Qc2 b6 6. Bg2 Bb7 7. Nbd2 d6 8. 0-0 0-0 9. e4 Nbd7 10. c4 e5 11. b3 Re8 12. Bb2 Bf8 13. Rad1 Qe7 14. Rfe1 g6 15. h3 Bg7 16. Kh2 a5 17. a3 Nh5 18. dxe5 dxe5 19. Nb1 Nf8 20. Nc3 c6 21. Rd3 Rad8 22. Red1 Ne6 23. Na4 Qc7 24. c5 b5 25. Nb6 Rxd3 26. Rxd3 Rd8 27. b4 a4 28. Qd2 f6 29. Ne1 Bf8 30. h4 Rxd3 31. Qxd3 Qd8 32. Qxd8 Nxd8 33. Bh3 Kf7 34. Nd3 Bh6 35. Nc8 Bxc8 36. Bxc8 Ke7 37. Kg2 Ne6 38. Kf3 Nhg7 39. g4 Kd8 40. Bxe6 Nxe6 41. g5 fxg5 42. Nxe5 Kc7 43. Nf7 g4+ 44. Kxg4 Bd2 45. Ne5 h5+ 46. Kf3 Nf4 47. Kg3 Ne2+ 48. Kf3 Nf4 49. Kg3 Ne2+ 50. Kg2 Bc3 51. Nd3 Bxb2 52. Nxb2 Nc3 53. Kf3 Nb1 54. Ke2 Nxa3 55. Kd3 Nb1 56. Kc2 Nd2 57. Nxa4 Nxe4 58. Nc3 Nxf2 59. Kd2 Ng4 60. Kd3 Nf6 61. Kd4 Kd7 62. Ke5 Ke7 63. Kf4 Nd7 64. Kg5 Ne5 65. Ne2 Ke6 66. Nf4+ Kf7 67. Ne2 Nf3+ 68. Kf4 Nxh4 69. Nd4 Kf6 70. Nxc6 g5+ 71. Kg3 Nf5+ 72. Kf3 Ke6 73. Nd8+ Kd7 74. Nf7 g4+ 75. Kf4 Ng7 76. Nd6 Ne6+ 77. Kg3 Kc6 78. Kh4 Ng7 79. Kg3 Ne6 80. Kh4 Nxc5 81. Nf5 Ne4 82. Nd4+ Kd5 83. Nxb5 Kc4 84. Nc7 Nf6 85. b5 Kc5 86. Ne6+ Kxb5 87. Nf4 Kc4 88. Nxh5 Nxh5 89. Kxg4 1/2-1/2

[Event "Muensterland Verbandsklasse 1314"]
[Site "Germany"]
[Date "2014.02.08"]
[Round "6.1"]
[White "Ter Horst, Carsten"]
[Black "Schulz, Stefan"]
[Result "1/2-1/2"]
[WhiteElo "1866"]
[BlackElo "1939"]
[PlyCount "68"]
[EventDate "2013.09.21"]
[EventType "team-tourn"]
[EventRounds "9"]
[EventCountry "GER"]
[SourceTitle "EXT 2015"]
[Source "ChessBase"]
[SourceDate "2014.11.20"]
[SourceVersion "1"]
[SourceVersionDate "2014.11.20"]
[SourceQuality "1"]
[WhiteTeam "Ahaus Wessum II"]
[BlackTeam "Muenster SK IV"]
[WhiteTeamCountry "GER"]
[BlackTeamCountry "GER"]

1. e4 c6 2. d4 d5 3. exd5 cxd5 4. Bd3 Nc6 5. c3 Nf6 6. Bf4 Bg4 7. Qb3 Qd7 8. Nd2 e6 9. Ngf3 Bxf3 10. Nxf3 Bd6 11. Bg3 0-0 12. Kf1 Rfc8 13. Re1 g6 14. Qd1 Nh5 15. Ne5 Nxe5 16. Bxe5 a6 17. g4 Nf4 18. Bxd6 Nxd3 19. Qxd3 Qxd6 20. Qe3 b5 21. h4 b4 22. h5 Kf8 23. hxg6 hxg6 24. Qg5 Ke8 25. Qf6 Qe7 26. Rh8+ Kd7 27. Qxe7+ Kxe7 28. Rxc8 Rxc8 29. Re3 Kd6 30. Ke2 Rb8 31. b3 a5 32. Kd3 Rc8 33. c4 dxc4+ 34. bxc4 a4 1/2-1/2

[Event "Muensterland Verbandsklasse 1314"]
[Site "Germany"]
[Date "2013.11.23"]
[Round "3.1"]
[White "Sparwel, Oliver"]
[Black "Schulz, Stefan"]
[Result "1-0"]
[WhiteElo "1932"]
[BlackElo "1939"]
[PlyCount "85"]
[EventDate "2013.09.21"]
[EventType "team-tourn"]
[EventRounds "9"]
[EventCountry "GER"]
[SourceTitle "EXT 2015"]
[Source "ChessBase"]
[SourceDate "2014.11.20"]
[SourceVersion "1"]
[SourceVersionDate "2014.11.20"]
[SourceQuality "1"]
[WhiteTeam "Suedlohn II"]
[BlackTeam "Muenster SK IV"]
[WhiteTeamCountry "GER"]
[BlackTeamCountry "GER"]

1. d4 Nf6 2. c4 g6 3. Nc3 d5 4. cxd5 Nxd5 5. e4 Nxc3 6. bxc3 Bg7 7. Nf3 0-0 8. Be2 c5 9. 0-0 Nc6 10. Be3 Bd7 11. Rb1 Qc7 12. Qb3 cxd4 13. cxd4 b6 14. Rfc1 Qd8 15. Qa3 Re8 16. Ba6 Na5 17. Bf4 e6 18. Ne5 Bf8 19. Qf3 f5 20. Nxd7 Qxd7 21. Bb5 Qxd4 22. Bxe8 Rxe8 23. exf5 exf5 24. Rd1 Qc4 25. Qd5+ Kh8 26. Be5+ Bg7 27. Bxg7+ Kxg7 28. Qxc4 Nxc4 29. Rd7+ Kf6 30. Rxa7 h5 31. g3 Re6 32. Ra6 Rc6 33. a4 Ke5 34. a5 Nxa5 35. Rbxb6 Rxb6 36. Rxb6 Nc4 37. Rxg6 h4 38. gxh4 f4 39. Kg2 Nd2 40. f3 Nc4 41. h5 Kf5 42. Rg8 Ne3+ 43. Kh3 1-0

[Event "Muensterland Verbandsklasse 1314"]
[Site "Germany"]
[Date "2013.09.21"]
[Round "1.2"]
[White "Schulz, Stefan"]
[Black "Hartmann, Steffen"]
[Result "1/2-1/2"]
[WhiteElo "1939"]
[BlackElo "1889"]
[PlyCount "43"]
[EventDate "2013.09.21"]
[EventType "team-tourn"]
[EventRounds "9"]
[EventCountry "GER"]
[SourceTitle "EXT 2015"]
[Source "ChessBase"]
[SourceDate "2014.11.20"]
[SourceVersion "1"]
[SourceVersionDate "2014.11.20"]
[SourceQuality "1"]
[WhiteTeam "Muenster SK IV"]
[BlackTeam "Muenster SK V"]
[WhiteTeamCountry "GER"]
[BlackTeamCountry "GER"]

1. d4 Nf6 2. Nf3 g6 3. c4 c5 4. g3 Bg7 5. Bg2 Nc6 6. 0-0 cxd4 7. Nxd4 Nxd4 8. Qxd4 0-0 9. Nc3 d6 10. Qd3 Ng4 11. Nd5 Be6 12. Nf4 Ne5 13. Nxe6 Nxd3 14. Nxd8 Nxc1 15. Raxc1 Rfxd8 16. Rc2 Rac8 17. Bxb7 Rb8 18. Bf3 Bxb2 19. Rb1 Ba3 20. Rxb8 Rxb8 21. e3 Rb2 22. Rxb2 1/2-1/2

[Event "Muensterland Verbandsklasse-A 1213"]
[Site "Germany"]
[Date "2013.02.16"]
[Round "6.1"]
[White "Kluczka, Konrad"]
[Black "Schulz, Stefan"]
[Result "1/2-1/2"]
[WhiteElo "1826"]
[BlackElo "1896"]
[PlyCount "37"]
[EventDate "2012.09.15"]
[EventType "team-tourn"]
[EventRounds "9"]
[EventCountry "GER"]
[SourceTitle "EXT 2015"]
[Source "ChessBase"]
[SourceDate "2014.11.20"]
[SourceVersion "1"]
[SourceVersionDate "2014.11.20"]
[SourceQuality "1"]
[WhiteTeam "Nienberge II"]
[BlackTeam "Muenster SK IV"]
[WhiteTeamCountry "GER"]
[BlackTeamCountry "GER"]

1. e4 c6 2. d4 d5 3. Nc3 dxe4 4. Nxe4 Nf6 5. Nxf6+ gxf6 6. Nf3 Bg4 7. Be2 e6 8. c3 Bd6 9. h3 Bh5 10. Nd2 Bxe2 11. Qxe2 Nd7 12. Ne4 Be7 13. Bf4 Nb6 14. Bd2 Qd5 15. Rg1 0-0-0 16. b3 e5 17. dxe5 fxe5 18. c4 Qe6 19. Ba5 1/2-1/2

[Event "Muensterland Verbandsklasse-B 1112"]
[Site "Germany"]
[Date "2012.03.10"]
[Round "7.2"]
[White "Loesing, Henrik"]
[Black "Schulz, Stefan"]
[Result "1-0"]
[WhiteElo "1885"]
[BlackElo "1891"]
[PlyCount "105"]
[EventDate "2011.09.17"]
[EventType "team-tourn"]
[EventRounds "9"]
[EventCountry "GER"]
[SourceTitle "EXT 2013"]
[Source "ChessBase"]
[SourceDate "2012.11.22"]
[SourceVersion "1"]
[SourceVersionDate "2012.11.22"]
[SourceQuality "1"]
[WhiteTeam "Stadtlohn"]
[BlackTeam "Muenster IV"]
[WhiteTeamCountry "GER"]
[BlackTeamCountry "GER"]

1. d4 Nf6 2. Nf3 d5 3. g3 g6 4. Bg2 Bg7 5. c4 0-0 6. 0-0 c6 7. Nc3 Re8 8. Ne5 Be6 9. Qb3 Qb6 10. Rd1 dxc4 11. Qa4 Rd8 12. Nxc4 Qa6 13. Qxa6 Nxa6 14. Na5 Rd7 15. Nxc6 bxc6 16. Bxc6 Rad8 17. Bxd7 Rxd7 18. a3 Bb3 19. Rd2 e6 20. f3 Bh6 21. Rd3 Bg7 22. Be3 Bc4 23. Rd2 Bb3 24. Rc1 h5 25. Ne4 Nxe4 26. fxe4 Rc7 27. Rxc7 Nxc7 28. Rd3 Ba2 29. a4 Na6 30. Rd2 Nb4 31. Kf2 Kf8 32. d5 exd5 33. Bc5+ Ke8 34. Bxb4 dxe4 35. Bc5 a6 36. b4 Bb3 37. Rd6 Bc4 38. e3 Be5 39. Rd2 f5 40. Bd4 Bd6 41. Rb2 Kd7 42. b5 axb5 43. axb5 Bd5 44. Rb1 Bb7 45. Rd1 Ke6 46. h4 Bb8 47. Bg7 Bc7 48. Bh6 Bb6 49. Bf4 Bc5 50. b6 Ke7 51. Rc1 Bd6 52. Bxd6+ Kxd6 53. Rc7 1-0

[Event "Muensterland Verbandsklasse-B 1112"]
[Site "Germany"]
[Date "2012.01.14"]
[Round "5.2"]
[White "Mantler, Heinrich"]
[Black "Schulz, Stefan"]
[Result "1/2-1/2"]
[WhiteElo "1744"]
[BlackElo "1891"]
[PlyCount "105"]
[EventDate "2011.09.17"]
[EventType "team-tourn"]
[EventRounds "9"]
[EventCountry "GER"]
[SourceTitle "EXT 2013"]
[Source "ChessBase"]
[SourceDate "2012.11.22"]
[SourceVersion "1"]
[SourceVersionDate "2012.11.22"]
[SourceQuality "1"]
[WhiteTeam "Nienberge II"]
[BlackTeam "Muenster IV"]
[WhiteTeamCountry "GER"]
[BlackTeamCountry "GER"]

1. d4 Nf6 2. c4 g6 3. Nc3 d5 4. Bg5 Bg7 5. Bxf6 Bxf6 6. e3 dxc4 7. Bxc4 0-0 8. Rc1 c5 9. Ne4 Qa5+ 10. Qd2 Qxd2+ 11. Kxd2 cxd4 12. Nxf6+ exf6 13. exd4 Nc6 14. d5 Rd8 15. Kc3 Ne5 16. b3 a6 17. a4 b5 18. axb5 axb5 19. Bxb5 Rxd5 20. Bc4 Rd6 21. Ne2 Nxc4 22. bxc4 Ba6 23. Nf4 Rc8 24. Kb4 Rd4 25. Nd5 Kg7 26. Ne3 Rd2 27. Rhf1 Rb2+ 28. Kc3 Re2 29. Ra1 Rc6 30. Rae1 Ra2 31. Ra1 Re2 32. Ra4 Bc8 33. Rb4 Be6 34. Rb2 Rxb2 35. Kxb2 Bxc4 36. Rc1 Rb6+ 37. Kc3 Be6 38. Rc2 Rd6 39. Rd2 Ra6 40. Kd4 g5 41. h3 Kg6 42. Nf1 f5 43. f3 Rd6+ 44. Kc3 Rxd2 45. Kxd2 f4 46. Ke1 Kh5 47. Kf2 Kh4 48. Nd2 Bxh3 49. gxh3 Kxh3 50. Ne4 Kh4 51. Nd6 h5 52. Kg2 g4 53. Nxf7 1/2-1/2

[Event "Oberliga NRW 1011"]
[Site "Germany"]
[Date "2011.04.03"]
[Round "9.7"]
[White "Schulz, Stefan"]
[Black "Wittenberg, Andreas"]
[Result "1/2-1/2"]
[WhiteElo "1939"]
[BlackElo "2143"]
[PlyCount "66"]
[EventDate "2010.09.26"]
[EventType "team-tourn"]
[EventRounds "9"]
[EventCountry "GER"]
[SourceTitle "EXT 2012"]
[Source "ChessBase"]
[SourceDate "2011.11.24"]
[SourceVersion "1"]
[SourceVersionDate "2011.11.24"]
[SourceQuality "1"]
[WhiteTeam "Muenster"]
[BlackTeam "Muelheim Nord II"]
[WhiteTeamCountry "GER"]
[BlackTeamCountry "GER"]

1. d4 e6 2. Nf3 f5 3. c4 Nf6 4. g3 c6 5. Bg2 d5 6. b3 Bd6 7. 0-0 Qe7 8. a4 a5 9. Ba3 Bb4 10. Bxb4 axb4 11. c5 0-0 12. Ne5 Qc7 13. Nd2 b6 14. Qc2 Ra5 15. Nd3 Na6 16. cxb6 Qxb6 17. Nf3 c5 18. dxc5 Nxc5 19. Rac1 Nfd7 20. Nfe5 Nxe5 21. Nxc5 Ba6 22. Nxa6 Rxa6 23. Qc7 Nc6 24. Qd7 Nb8 25. Qe7 Qd6 26. Qxd6 Rxd6 27. Rc7 Na6 28. Rc2 Rb8 29. Rfc1 Rbb6 30. e3 Nb8 31. Bf1 Nc6 32. Rc5 Ne5 33. Be2 Rdc6 1/2-1/2

[Event "Muensterland Verbandsklasse-B 1011"]
[Site "Germany"]
[Date "2010.10.09"]
[Round "2.2"]
[White "Schulz, Stefan"]
[Black "Beckmann, David"]
[Result "0-1"]
[WhiteElo "1817"]
[BlackElo "1984"]
[PlyCount "88"]
[EventDate "2010.09.18"]
[EventType "team-tourn"]
[EventRounds "9"]
[EventCountry "GER"]
[SourceTitle "EXT 2012"]
[Source "ChessBase"]
[SourceDate "2011.11.24"]
[SourceVersion "1"]
[SourceVersionDate "2011.11.24"]
[SourceQuality "1"]
[WhiteTeam "Muenster SK IV"]
[BlackTeam "Borken"]
[WhiteTeamCountry "GER"]
[BlackTeamCountry "GER"]

1. d4 d5 2. Nf3 Nf6 3. c4 e6 4. g3 Be7 5. Bg2 0-0 6. Qc2 dxc4 7. Qxc4 a6 8. 0-0 b5 9. Qc2 Bb7 10. Rd1 Be4 11. Qb3 Nc6 12. Nbd2 Na5 13. Qc3 b4 14. Qe3 Bb7 15. Nb3 c5 16. Nxa5 Qxa5 17. dxc5 Bxc5 18. Qf4 Qb6 19. Be3 Bxe3 20. Qxe3 Qxe3 21. fxe3 Rac8 22. Rac1 Rxc1 23. Rxc1 Bd5 24. Ne5 Bxg2 25. Kxg2 h6 26. Rc6 Ra8 27. Rc7 Nd5 28. Rxf7 Nxe3+ 29. Kf3 Nc4 30. Rxg7+ Kxg7 31. Nxc4 Rf8+ 32. Ke3 Rf1 33. h4 Rg1 34. Kf4 Rc1 35. Ne3 a5 36. g4 Re1 37. a3 Rxe2 38. Nc4 Rxb2 39. a4 Ra2 40. Nxa5 Rxa4 41. Nb3 Ra3 42. Nc5 e5+ 43. Kf5 b3 44. Ne6+ Kh7 0-1

[Event "Muensterland Verbandsklasse-A 0910"]
[Site "Germany"]
[Date "2010.02.20"]
[Round "7.2"]
[White "Schulz, Stefan"]
[Black "Silies, Juergen"]
[Result "1-0"]
[WhiteElo "1765"]
[BlackElo "1772"]
[PlyCount "49"]
[EventDate "2009.09.19"]
[EventType "team-tourn"]
[EventRounds "9"]
[EventCountry "GER"]
[SourceTitle "EXT 2011"]
[Source "ChessBase"]
[SourceDate "2010.11.26"]
[SourceVersion "1"]
[SourceVersionDate "2010.11.26"]
[SourceQuality "1"]
[WhiteTeam "Muenster SK IV"]
[BlackTeam "Ibbenbueren"]
[WhiteTeamCountry "GER"]
[BlackTeamCountry "GER"]

1. d4 d5 2. Nf3 e6 3. c4 Nf6 4. g3 Be7 5. Bg2 dxc4 6. Qa4+ Bd7 7. Qxc4 Nc6 8. 0-0 0-0 9. Rd1 Bd6 10. Nc3 a6 11. e4 e5 12. dxe5 Bxe5 13. Nxe5 Nxe5 14. Qc5 Nc6 15. Bg5 Qc8 16. Bxf6 gxf6 17. Nd5 Qd8 18. Qc3 Kg7 19. Nxf6 Qxf6 20. Qxf6+ Kxf6 21. Rxd7 Rac8 22. f4 Ke6 23. Bh3+ Kf6 24. e5+ Kg6 25. Bg2 1-0

[Event "Muensterland Verbandsklasse-A 0910"]
[Site "Germany"]
[Date "2009.10.24"]
[Round "2.2"]
[White "Beckmann, David"]
[Black "Schulz, Stefan"]
[Result "1-0"]
[WhiteElo "1926"]
[BlackElo "1765"]
[PlyCount "43"]
[EventDate "2009.09.19"]
[EventType "team-tourn"]
[EventRounds "9"]
[EventCountry "GER"]
[SourceTitle "EXT 2011"]
[Source "ChessBase"]
[SourceDate "2010.11.26"]
[SourceVersion "1"]
[SourceVersionDate "2010.11.26"]
[SourceQuality "1"]
[WhiteTeam "Borken"]
[BlackTeam "Muenster SK IV"]
[WhiteTeamCountry "GER"]
[BlackTeamCountry "GER"]

1. d4 Nf6 2. c4 g6 3. Nc3 d5 4. Nf3 Bg7 5. e3 0-0 6. Be2 c5 7. 0-0 Nc6 8. dxc5 Qa5 9. cxd5 Rd8 10. Bd2 Nb4 11. a3 Qxc5 12. axb4 Qxb4 13. Nd4 Qd6 14. Qb3 Nxd5 15. Nxd5 Qxd5 16. Bc4 Qg5 17. Bxf7+ Kf8 18. f4 Qf6 19. Bc4 a6 20. Bc3 Qd6 21. Bg8 e6 22. Bb4 1-0

[Event "Muensterland Verbandsklasse-B 0809"]
[Site "Germany"]
[Date "2008.10.11"]
[Round "2.2"]
[White "Schulz, Stefan"]
[Black "Grotenhuis, Gerard"]
[Result "0-1"]
[WhiteElo "1820"]
[BlackElo "1978"]
[PlyCount "103"]
[EventDate "2008.09.13"]
[EventType "tourn"]
[EventRounds "9"]
[EventCountry "GER"]
[SourceTitle "EXT 2010"]
[Source "ChessBase"]
[SourceDate "2010.11.25"]
[SourceVersion "1"]
[SourceVersionDate "2010.11.25"]
[SourceQuality "1"]
[WhiteTeam "Muenster SK IV"]
[BlackTeam "Gronau"]
[WhiteTeamCountry "GER"]
[BlackTeamCountry "GER"]

1. d4 d5 2. Nf3 c6 3. c4 e6 4. Qc2 f5 5. g3 Nf6 6. Bg2 Be7 7. 0-0 0-0 8. b3 Ne4 9. Ba3 Bxa3 10. Nxa3 Qe7 11. Nb1 Nd7 12. Nc3 g5 13. Nd2 Nxd2 14. Qxd2 dxc4 15. bxc4 Nb6 16. c5 Nd5 17. e4 Nxc3 18. Qxc3 f4 19. d5 e5 20. d6 Qf6 21. f3 Rf7 22. g4 h5 23. h3 Rh7 24. Rfd1 Be6 25. a4 Rd8 26. a5 a6 27. Rab1 Rdd7 28. Kf2 Qh8 29. Rg1 hxg4 30. hxg4 Rh2 31. Rb2 Qh4+ 32. Ke2 Qg3 33. Kd1 Bxg4 34. Qxe5 Bxf3+ 35. Kc1 Bh5 36. Qe6+ Bf7 37. Qxd7 Qe3+ 38. Rd2 Qxg1+ 39. Kb2 Rxg2 40. Qd8+ Kg7 41. Rxg2 Qxg2+ 42. Kc3 Qf3+ 43. Kd2 Qe3+ 44. Kc2 Qxe4+ 45. Kd2 Qd5+ 46. Ke1 Qe5+ 47. Kd2 Qe3+ 48. Kc2 Bg6+ 49. Kd1 f3 50. Qc7+ Bf7 51. Kc2 f2 52. d7 0-1